000 00419nam a22001697a 4500
005 20160615093111.0
008 160615b xxu||||| |||| 00| 0 eng d
020 _a81-297-0590-7
041 _aeng
082 _b7627
100 _aMalone, Thomas W & others
_91918
245 _aOrganizing Business Knowledge
260 _aDelhi
_bpearson education
_c2004
300 _a575
650 _aManagement
_9241
942 _cBK
999 _c2724
_d2723